| 000 | 00761nam a22002057a 4500 | ||
|---|---|---|---|
| 999 |
_c9795 _d9795 |
||
| 003 | AR-CdUCM | ||
| 008 | 190328b ||||| |||| 00| 0 spa d | ||
| 040 |
_aMUNICIPALIDAD PROVINCIAL DEL CUSCO _cBIBLIOTECA MUNICIPAL DEL CUSCO |
||
| 082 |
_a321.6 / _bC22 / 1932 |
||
| 100 |
_aCambo, Francisco _926241 |
||
| 245 | _aLas dictaduras / | ||
| 260 |
_aSantiago : _bNosotros, _c1932. |
||
| 300 |
_a170 páginas ; _c20 cm. |
||
| 505 | _aContenido : La guerra y el reverdecimiento de la democracia -- Un fenómeno de nuestros días -- De la democracia a la dictadura -- Las causas genéricas del advenimiento de las dictaduras ... | ||
| 650 |
_aDictaduras _926242 |
||
| 650 |
_aPolítica _9291 |
||
| 650 |
_aReflexiones _93812 |
||
| 942 |
_2ddc _cLIBROS |
||
| 945 | _arah | ||